Vincitori Serie A Pallacanestro maschile - Statistics

Statistiche generali
  • Questo quiz è stato fatto 26 volte
    15 dall'ultimo reset
  • Il punteggio medio è 85 su 99
Statistiche sulle risposte
Stagione Squadra vincitrice % Corretto
2014-2015 Dinamo Sassari
100%
1935-1936 Olimpia Milano
100%
1936-1937 Olimpia Milano
100%
1937-1938 Olimpia Milano
100%
1938-1939 Olimpia Milano
100%
1949-1950 Olimpia Milano
100%
1950-1951 Olimpia Milano
100%
1951-1952 Olimpia Milano
100%
1952-1953 Olimpia Milano
100%
1953-1954 Olimpia Milano
100%
1956-1957 Olimpia Milano
100%
1957-1958 Olimpia Milano
100%
1958-1959 Olimpia Milano
100%
1959-1960 Olimpia Milano
100%
1961-1962 Olimpia Milano
100%
1962-1963 Olimpia Milano
100%
1964-1965 Olimpia Milano
100%
1965-1966 Olimpia Milano
100%
1966-1967 Olimpia Milano
100%
1971-1972 Olimpia Milano
100%
1981-1982 Olimpia Milano
100%
1984-1985 Olimpia Milano
100%
1985-1986 Olimpia Milano
100%
1986-1987 Olimpia Milano
100%
1988-1989 Olimpia Milano
100%
1995-1996 Olimpia Milano
100%
2013-2014 Olimpia Milano
100%
2015-2016 Olimpia Milano
100%
2017-2018 Olimpia Milano
100%
2021-2022 Olimpia Milano
100%
2022-2023 Olimpia Milano
100%
2023-2024 Olimpia Milano
100%
1947-1948 Virtus Bologna
100%
1948-1949 Virtus Bologna
100%
1954-1955 Virtus Bologna
100%
1955-1956 Virtus Bologna
100%
1975-1976 Virtus Bologna
100%
1978-1979 Virtus Bologna
100%
1979-1980 Virtus Bologna
100%
1983-1984 Virtus Bologna
100%
1992-1993 Virtus Bologna
100%
1993-1994 Virtus Bologna
100%
1994-1995 Virtus Bologna
100%
1997-1998 Virtus Bologna
100%
2000-2001 Virtus Bologna
100%
2020-2021 Virtus Bologna
100%
1999-2000 Fortitudo Bologna
92%
2004-2005 Fortitudo Bologna
92%
1921 ASSI Milano
85%
1922 ASSI Milano
85%
1924 ASSI Milano
85%
1925 ASSI Milano
85%
1926 ASSI Milano
85%
1927 ASSI Milano
85%
1928 Ginnastica Roma
85%
1931 Ginnastica Roma
85%
1933 Ginnastica Roma
85%
1935 Ginnastica Roma
85%
2003-2004 Mens Sana Siena
85%
2006-2007 Mens Sana Siena
85%
2007-2008 Mens Sana Siena
85%
2008-2009 Mens Sana Siena
85%
2009-2010 Mens Sana Siena
85%
2010-2011 Mens Sana Siena
85%
1960-1961 Pall. Varese
85%
1963-1964 Pall. Varese
85%
1968-1969 Pall. Varese
85%
1969-1970 Pall. Varese
85%
1970-1971 Pall. Varese
85%
1972-1973 Pall. Varese
85%
1973-1974 Pall. Varese
85%
1976-1977 Pall. Varese
85%
1977-1978 Pall. Varese
85%
1998-1999 Pall. Varese
85%
1941-1942 Reyer Venezia
85%
1942-1943 Reyer Venezia
85%
2016-2017 Reyer Venezia
85%
2018-2019 Reyer Venezia
85%
1920 SEF Costanza Milano
85%
1982-1983 Virtus Roma
85%
1967-1968 Pall. Cantù
62%
1974-1975 Pall. Cantù
62%
1980-1981 Pall. Cantù
62%
1991-1992 Pall. Treviso
62%
1996-1997 Pall. Treviso
62%
2001-2002 Pall. Treviso
62%
2002-2003 Pall. Treviso
62%
2005-2006 Pall. Treviso
62%
1930 Ginn. Triestina
54%
1932 Ginn. Triestina
54%
1934 Ginn. Triestina
54%
1939-1940 Ginn. Triestina
54%
1940-1941 Ginn. Triestina
54%
1987-1988 V.L. Pesaro
46%
1989-1990 V.L. Pesaro
46%
1990-1991 Juvecaserta
38%
1945-1946 Virtus Bologna
38%
1946-1947 Virtus Bologna
38%
1923 Internazionale
15%
Nessun quiz corrispondente trovato
Distribuzione punteggi
Percentuale di utenti per punteggio
Percentile per numero di risposta
I tuoi punteggi nel tempo
Non hai fatto questo quiz dall'ultimo reset